Globalización: un enfoque multidisciplinar

Kaydedildi:
Detaylı Bibliyografya
Yazar: González Sánchez, Víctor M (Yazar)
Materyal Türü: Kitap
Dil:İspanyolca
Baskı/Yayın Bilgisi: Valencia Tirant Lo Blanch 2010
Edisyon:1a. ed
Seri Bilgileri:Estudios de Economía y Sociología
Konular:
Etiketler: Etiketle
Etiket eklenmemiş, İlk siz ekleyin!

MARC

LEADER 00000cam a2200000 a 4500
001 UCE0268
003 CL-VaPUC
008 140109e20100300sp |||||||||||||||||spa|d
020 |a 9788498768008 
082 0 4 |a 303.4  |b GON  |2 21 
100 0 |a González Sánchez, Víctor M  |e author  |9 572640 
245 1 0 |a Globalización: un enfoque multidisciplinar 
250 |a 1a. ed 
300 |a 256 p 
942 |c BK 
945 |d 20140109 11:50:00  |a dcastane 
260 |a Valencia  |b Tirant Lo Blanch  |c 2010 
650 0 |a Globalización  |9 361930 
650 0 |a Capitalismo  |9 255255 
650 0 |a Antropología cultural y social   |9 265143 
583 |a last modification  |c 20140109 11:50:00  |k Rodrigo Vera 
490 0 |a Estudios de Economía y Sociología 
999 |c 354470  |d 354468 
952 |0 0  |1 0  |3 erb  |4 0  |6 303_400000000000000_GON_2010  |7 0  |8 A  |9 460369  |a BIBING  |b BIBING  |i 5045274  |o 303.4 GON 2010  |p 5045274  |r 2025-01-20  |w 2019-11-23  |y BK  |z Catalogado en:20140109  |k GEO